La invención del 98 y otros ensayos

সংরক্ষণ করুন:
গ্রন্থ-পঞ্জীর বিবরন
প্রধান লেখক: Gullón, Ricardo
বিন্যাস: গ্রন্থ
ভাষা:Undetermined
প্রকাশিত: Madrid, España Gredos 1969
বিষয়গুলি:
ট্যাগগুলো: ট্যাগ যুক্ত করুন
কোনো ট্যাগ নেই, প্রথমজন হিসাবে ট্যাগ করুন!

MARC

LEADER 00000nam a2200000Ia 4500
008 170316s9999 xx 000 0 und d
040 |a cru BVZT 
090 |a C-862 G-8i 
100 |a Gullón, Ricardo 
245 |a La invención del 98 y otros ensayos 
260 |a Madrid, España 
260 |b Gredos 
260 |c 1969 
300 |a 198 páginas 
650 |a LITERATURA ESPAÑOLA 
650 |a CRÍTICA 
999 |c 13142  |d 13142 
942 |c 15 D  |h C-862 G-8i  |2 z